The Beatles - Fill in the Blanks - Song Titles - Statistics

General Stats
  • This quiz has been taken 1,157 times
  • The average score is 14 of 15
Answer Stats
Title Missing Words % Correct
Here Comes the ___ Sun
100%
I Want to ____ Your Hand Hold
99%
Hey ____ Jude
99%
______ Submarine Yellow
99%
Twist and _____ Shout
97%
__________ Fields Forever Strawberry
97%
_______ Rigby Eleanor
95%
_____ Lane Penny
93%
Can't ___ Me Love Buy
92%
With a Little Help from My _______ Friends
92%
While My Guitar ______ Weeps Gently
92%
I Am the ______ Walrus
86%
Norweigan ____ Wood
85%
Across the ________ Universe
80%
________ Never Knows Tomorrow
64%
No matching quizzes found
Score Distribution
Percent of People with Each Score
Percentile by Number Answered
Your Score History
You have not taken this quiz